Universal's handbook on protection of women from domestic violenc:e (Record no. 17821)

MARC details
000 -LEADER
fixed length control field 00737nam a22002057a 4500
005 - DATE AND TIME OF LATEST TRANSACTION
control field 20081020165524.0
008 - FIXED-LENGTH DATA ELEMENTS--GENERAL INFORMATION
fixed length control field 081020t xxu||||| |||| 00| 0 eng d
010 ## - LIBRARY OF CONGRESS CONTROL NUMBER
LC control number ENG-84515
020 ## - INTERNATIONAL STANDARD BOOK NUMBER
International Standard Book Number 8175345853
020 ## - INTERNATIONAL STANDARD BOOK NUMBER
Terms of availability 325.00 (pbk)
035 ## - SYSTEM CONTROL NUMBER
System control number EN-68048
082 ## - DEWEY DECIMAL CLASSIFICATION NUMBER
Classification number 345.5401 / DAS
100 ## - MAIN ENTRY--PERSONAL NAME
Personal name Das, P K
245 ## - TITLE STATEMENT
Title Universal's handbook on protection of women from domestic violenc:e
Remainder of title act & rules /
Statement of responsibility, etc by P K Das
260 ## - PUBLICATION, DISTRIBUTION, ETC. (IMPRINT)
Place of publication, distribution, etc New Delhi
Name of publisher, distributor, etc Universal Law Publishing
260 ## - PUBLICATION, DISTRIBUTION, ETC. (IMPRINT)
Date of publication, distribution, etc 2007
300 ## - PHYSICAL DESCRIPTION
Extent xxii,498p
Dimensions 24cm
942 ## - ADDED ENTRY ELEMENTS (KOHA)
Source of classification or shelving scheme Dewey Decimal Classification
Koha item type English Books
Classification part 345.5401
Call number suffix DAS
Holdings
Withdrawn status Lost status Source of classification or shelving scheme Damaged status Not for loan Home library Current library Date acquired Cost, normal purchase price Total Checkouts Full call number Barcode Date last seen Copy number Cost, replacement price Price effective from Koha item type
    Dewey Decimal Classification   Not For Loan D.B.Act.Division D.B.Act.Division 08/03/2007 325.00   345.5401 DAS EN-68048 04/11/2008 1 325.00 04/11/2008 English Books

© Delhi Public Library
Hit Counter
free hit counter